000 00665nam a2200241 i 4500
001 C2-0345126
003 PPAK
005 20180728145747.0
008 180124s2017 enka|||| ||||| | eng d
020 _a9781847158161
040 _aPPAK
_beng
_cPPAK
_erda
082 0 4 _a823
_223
090 0 0 _a823
_bNIC
_dK
100 1 _aNicoll, Tom,
_eauthor
245 1 0 _aThere's a dragon in my popcorn!
264 1 _aLondon :
_bStripes Publishing ,
_c2017
300 _a140 pages :
_billustrations ;
_c20 cm
336 _2rdacontent
_atext
337 _2rdamedia
_aunmediated
338 _2rdacarrier
_avolume
650 1 0 _aChildren's stories, English.
942 _ddc
_cB
999 _c141635
_d141635